Normal view
MARC view
- Educación primaria
Entry Materia
001 - NÚMERO DE CONTROL DEL REGISTRO
- campo de control: 5275
003 - IDENTIFICADOR DE NUMERO DE CONTROL
- campo de control: MX-MxUPN
005 - FECHA Y HORA DE LA ÚLTIMA TRANSACCIÓN
- campo de control: 20240604120158.0
008 - DATOS DE LONGITUD FIJA
- campo de control de longitud fija: 240604na fnannaabn n ana |d
035 ## - NÚMERO DE CONTROL DEL SISTEMA
- Número de control del sistema: UPN10000005275
040 ## - FUENTE DE LA CATALOGACIÓN
- Centro catalogador de origen: MX-MxUPN
- Lengua de catalogación: spa
150 ## - ENCABEZAMIENTO - TEMÁTICO
- Término de materia o nombre geográfico como elemento inicial: Educación primaria
- Subdivisión geográfica: México
- Subdivisión de materia general: Historia
- Subdivisión cronológica: Siglo XIX
670 ## - FUENTE EN LA QUE SE LOCALIZARON DATOS
- Cita de la fuente: LC
- Información localizada: Education, Primary - Mexico - History - 19th century
902 ## - CATALOGADOR
- Catalogador: BDV/301006
